| 000 | 02711ncm0a2200457 4500 | ||
|---|---|---|---|
| 001 | RU\NLR\ONIZ\197944 | ||
| 005 | 20250624194646.0 | ||
| 035 | _aRU\NLR\ONIZ\NATA\5000005466\20140403135855 | ||
| 035 | _a(NLR Aleph) 010888578 | ||
| 071 | 2 | 0 | _aс 2678 к |
| 090 |
_a10539188 _c10539188 |
||
| 100 | _a20140403d2006 |||y0rusy50 ca | ||
| 101 | 0 |
_aeng _arus |
|
| 102 | _aRU | ||
| 125 | _axa | ||
| 128 | _aco | ||
| 145 | 0 | _ab | |
| 200 | 1 |
_aКонцерт "Лето" (L'Estate) _bНоты _eиз цикла "Времена года" _dConcerto "Summer" (L'Estate) _efrom the cycle "The Seasons" _e[op. 8 № 2 _eF. I, 23] _gперелож. для скрипки и фп. _fА. Вивальди _zeng |
|
| 208 | _aКлавир и партия | ||
| 210 |
_aСанкт-Петербург _cКомпозитор - Санкт-Петербург _d2006 |
||
| 215 |
_a24 с., 1 парт _cил. _d30 см |
||
| 225 | 1 | _aЗолотой репертуар скрипача | |
| 313 | _aСистематизация документа проведена по изданию - Методика классифицирования музыкальных произведений (нотных изданий) по таблицам Библиотечно-библиографических классификаций : метод. рекомендации / Гос. б-ка СССР им. В.И. Ленина.- М., 1977. Индексу ББК методических рекомендаций присваивается код ББК для научных библиотек - LBC/SL | ||
| 500 | 0 | 0 |
_aВремена года (4 концерта) _sF. I, 22-25 _sOp. 8 № 1-4 _rСкрипка _rФортепиано |
| 606 | 1 |
_aВремена года _xМузыкальные интерпретации _jНоты _2nlr_sh |
|
| 606 | 1 |
_aЛето _xМузыкальные интерпретации _jНоты _2nlr_sh |
|
| 606 | 1 |
_aМузыка барокко (инструментальная) _yИталия _z17-18 вв. _jНоты _2nlr_sh |
|
| 606 | 1 |
_aКонцерты для скрипки с оркестром _yИталия _z17-18 вв. _jНоты _2nlr_sh |
|
| 608 |
_aКонцерт (скрипка) _xНоты _yИталия _z17-18 вв. _2nlr_sh |
||
| 686 |
_aЩ955.4-042(4Ит)Фп _vLBC/SL _2rubbk |
||
| 700 | 1 |
_9z01790 _aВивальди _bА. _f1669-1741 _gАнтонио _4230 _7ca |
|
| 790 | 1 |
_9z01700 _aVivaldi _bA. _f1669-1741 _gAntonio _4230 _7ba |
|
| 801 | 0 |
_aRU _bNLR _c20140403 _gPSBO |
|
| 801 | 1 |
_aRU _bNLR _c20140403 _2rusmarc |
|
| 801 | 2 |
_aRU _bNLR _c20181026 |
|
| 852 |
_aNLR _bМ _jК-3/26367 _p278886 _t1 |
||
| 852 |
_aNLR _bМ _jК-3/29613 _p267689 _t2 |
||
| 942 | _cSCORE | ||
| 980 | _aNB | ||
| 980 | _aONIZ | ||